Trouve un maximum de personnages Marvel ! - Statistiques

Statistiques générales
  • Ce quiz a été pris 1 047 fois
    668 depuis la dernière actualisation
  • Le résultat moyen est 72 sur 279
Statistiques - réponses
Réponse % Correct
Iron-Man
95%
Captain America
83%
Thor
80%
Black Widow
76%
Thanos
73%
Loki
72%
La Sorcière Rouge
71%
Oeil-de-Faucon (Clint Barton)
71%
Black Panther
70%
Spider-Man (Peter Parker)
69%
Oeil-de-Faucon (Kate Bishop)
67%
Gamora
66%
Groot
66%
Rocket
65%
Captain Marvel
63%
Hulk (Bruce Banner)
63%
Le Soldat de l'Hiver
63%
Vision
63%
Docteur Strange
61%
Star-Lord
61%
Odin
59%
Ultron
59%
Deadpool
58%
Drax le Destructeur
58%
Falcon / Captain America (Sam Wilson)
58%
Nebula
57%
Nick Fury
57%
La Guêpe (Janet Van Dyne)
53%
Professeur X
52%
Quicksilver
52%
La Chose
51%
Venom
51%
La Torche Humaine
49%
War-Machine
49%
Crâne Rouge
48%
Magneto
48%
Mantis
48%
Hela
47%
Shuri
47%
Mary Jane Watson
46%
Reed Richards / Mr Fantastic
46%
Daredevil
45%
La Femme Invisible
45%
Wolverine (Logan)
45%
Bouffon Vert
44%
Docteur Octopus
44%
Red Hulk
44%
Cyclope
43%
Ghost / Fantôme
43%
Pepper Potts
43%
Ant-Man (Scott Lang)
42%
Dr Doom / Fatalis
41%
Ms Marvel (Kamala Khan)
41%
Jean / Phénix Noir
40%
She-Hulk / Miss Hulk
40%
Iron Fist
39%
Mysterio
39%
Tante May
39%
Spider-Man (Miles Morales)
38%
Ant-Man (Hank Pym)
37%
Carnage
37%
Kang Le Conquérant
37%
Luke Cage
37%
Mystique
37%
Peggy Carter
37%
Punisher
37%
Ronan L'Accusateur
37%
Spider-Gwen
37%
Tornade
37%
Ego
36%
Galactus
36%
Killmonger
36%
L'Homme-Sable
36%
Shang-Chi
36%
Yondu
36%
Electro
35%
Le Baron Zemo
35%
Le Fauve
35%
Namor
35%
Le Surfer d'Argent
34%
Le Vautour
34%
Maria Hill
34%
Moon Knight
34%
Dormammu
33%
Le Caïd
33%
Okoye
33%
Valkyrie
33%
Heimdall
32%
Jessica Jones
32%
Red Guardian
32%
Sentry
32%
Colossus
31%
Elektra
31%
Gambit
31%
L'Abomination
31%
Le Lézard
31%
Adam Warlock
30%
Arnim Zola
29%
Blade
29%
Diablo
29%
Ghost Rider
29%
Kraven
29%
L'Ancien
29%
Le Mandarin
29%
Iceberg
28%
Ironheart
28%
Le Collectionneur
28%
Rhino
28%
Rogue / Malicia
27%
US Agent
25%
America Chavez
24%
Apocalypse
24%
Lady Sif
24%
La Guêpe (Hope Van Dyne)
24%
Le Fléau
24%
MODOK
24%
Sharon Carter
24%
Taskmaster
24%
Zeus
24%
Angel
23%
Cable
23%
Cosmo
23%
Dents de Sabre
23%
Flèche Noire
23%
Le Scorpion
23%
Circé / Sersi
22%
Emma Frost
22%
Hercule
22%
Ikaris
22%
Le Baron Mordo
22%
Wolverine (Laura)
22%
Iron-Monger
21%
Malekith
21%
Mephisto
21%
Morbius
21%
Spider-Woman (Jessica Drew)
21%
Whiplash
21%
Gorr
20%
Howard le Canard
20%
Le Créateur
20%
Oncle Ben
20%
Spider-Man 2099
20%
Agatha Harkness
19%
Bullseye
19%
La Chatte Noire / Black Cat
19%
Magik
19%
Médusa
19%
Surtur
19%
Théna
19%
Echo
18%
Kro
18%
Le Crapaud
18%
Le Gardien / Uatu
18%
Le Leader
18%
Domino
17%
Gilgamesh
17%
Knull
17%
Arishem Le Juge
16%
Betty Ross
16%
Bishop
16%
Captain Britain
16%
HobGoblin/Super-Bouffon
16%
Klaw
16%
Laufey
16%
Mister Negative
16%
Psylocke
16%
Wiccan
16%
Ajak
15%
Crossbones
15%
Eson Le Chercheur
15%
Jubilee
15%
Kitty Pryde (Shadowcat)
15%
Le Caméléon
15%
Le Chevalier Noir (Dane Whitman)
15%
Shocker
15%
Sprite
15%
Squirrel Girl
15%
White Tiger
15%
Agent Venom
14%
Jeff The Land Shark
14%
Madame Web
14%
Talos
14%
Toxin
14%
Arès
13%
Cléa
13%
Havok
13%
J. Jonah Jameson
13%
Le Maitre de l'Evolution
13%
Makkari
13%
Morgane La Fée
13%
Quake
13%
Scarlet Spider
13%
Speed
13%
Tombstone
13%
Angela
12%
Beta Ray Bill
12%
Cape
12%
Crystal
12%
Druig
12%
Epée
12%
Foggy Nelson
12%
Hulk (Amadeus Cho)
12%
Hulkling
12%
Kingo
12%
La Mort
12%
Le Chacal
12%
Man-Thing
12%
Phastos
12%
Silk (Cindy Moon)
12%
Starfox
12%
Banshee
11%
Hammerhead
11%
Hyperion
11%
Karen Page
11%
Karnak
11%
Le Tribunal Vivant
11%
Maestro
11%
Beyonder
10%
Dracula
10%
Falcon (Joaquin Torres)
10%
Giant-Man
10%
Gueule d'Or
10%
Hydro-Man
10%
Le Rôdeur
10%
Madame Hydra
10%
Maximus Boltagon
10%
Morlun
10%
Nova (Richard Rider)
10%
Nova (Sam Alexander)
10%
Silver Sable
10%
Stature (Cassie Lang)
10%
Dazzler
9%
Forge
9%
Legion
9%
Luna Snow
9%
Mister Sinistre
9%
Sunspot
9%
Batroc
8%
Crimson Dynamo / Dynamo Pourpre
8%
Elsa Bloodstone
8%
Fin Fang Foom
8%
Goliath
8%
Homme-Taupe
8%
Man-Ape
8%
Misty Knight
8%
Mockingbird
8%
Triton
8%
William Stryker
8%
Atom Smasher
7%
Bushmaster
7%
Gladiator
7%
Gorgone
7%
Moondragon / Dragon-Lune
7%
Onslaught
7%
Thunderbird
7%
Warpath
7%
Bushman
6%
Darwin
6%
Hellcat
6%
Jigsaw
6%
La Présence
6%
Lucifer
6%
Muse
6%
Quasar
6%
Shuma-Gorath
6%
Swordsman
6%
Thor (Jane Foster)
6%
Tinkerer / Le Bricoleur
6%
Chthon
5%
Cottonmouth
5%
Cyttorak
5%
Kilgrave
5%
One Above All
5%
Shriek
5%
Stone
5%
Styx
5%
Flag-Smasher
4%
Hellstrom
4%
Lady Hellbender
4%
Aucun quiz correspondant
Distribution des résultats
% des personnes avec chaque résultat
Percentile par nombre de réponses
Votre historique - résultats
Vous n’avez pas pris ce quiz depuis la dernière actualisation